[Event "Int SVK-ch Open 2020"]
[Site "Drienica"]
[Date "2020.08.14"]
[Round "8.1"]
[White "Lehocz, Jozsef Jr."]
[Black "Antal, Jakub"]
[Result "0-1"]
[WhiteElo "1534"]
[BlackElo "1939"]
[Annotator "TA"]
[PlyCount "101"]
[EventDate "2020.08.07"]
[EventType "swiss"]
[EventCountry "SVK"]
[SourceTitle "playchess.com"]
[Source "ChessBase"]
[SourceQuality "1"]

{[%evp 9,101,-4,-6,-6,42,36,33,21,25,29,29,-79,-84,-79,0,0,0,-31,-8,-19,0,0,0,-43,-50,-61,-57,-53,-32,-54,-39,-66,-66,-62,-67,-66,-69,-97,-86,-92,-84,-94,-100,-99,-67,-76,-58,-109,-72,-91,0,-102,-90,-80,-86,-139,-115,-123,-131,-226,-148,-161,-155,-162,-121,-122,-120,-114,-112,-137,-125,-214,-209,-206,-193,-198,-198,-197,-196,-194,-195,-307,-307,-293,-274,-12841,-12841,-12846,-12846,-12846,-12847,-29993,-29994,-29999]} 1. e4 Nf6 2. e5 Nd5 3. c4 Nb6 4. a4 a5 5. Nc3 d6 6. exd6 {B02: Alekhine's Defence: Chase Variation and lines with early Nc3.} cxd6 ({Much worse is} 6... Qxd6 $6 7. d4 $16) 7. d4 g6 8. Nf3 {And now c5 would win.White is slightly better.} Bg7 9. Be3 O-O 10. c5 (10. Be2 $11 {keeps the balance.}) 10... dxc5 $17 11. dxc5 N6d7 (11... Qxd1+ $17 12. Rxd1 Bxc3+ 13. bxc3 Nxa4) 12. Bb5 $11 Na6 {[#]} 13. Bxa6 $146 ({Predecessor:} 13. c6 bxc6 14. Bxc6 Rb8 15. Bb5 Nb4 16. O-O e5 17. Qd2 Qe7 18. Rad1 Nf6 19. Ng5 {½-½ (26) Wittmann,R (2233)-Jacubowski,A (2191) Germany 2007}) 13... Rxa6 14. O-O Ne5 15. Nxe5 Bxe5 16. f4 Qxd1 17. Raxd1 Bxc3 18. bxc3 Be6 19. Rb1 Bd5 20. Rfd1 Bc6 21. Rd4 Raa8 22. Kf2 f6 23. Kg3 Kf7 24. h3 h6 25. Kh2 Rae8 26. Rf1 e6 27. Rf2 Kg7 28. Kg3 ({Better is} 28. Rb2 $15) 28... Ra8 29. Rd6 Rae8 30. Rd4 $1 g5 31. fxg5 hxg5 32. h4 (32. c4 $142) 32... gxh4+ 33. Rxh4 {Threatening Bh6+.} Rh8 34. Rhf4 (34. Rxh8 $17 Rxh8 35. c4) 34... Ref8 35. Bd4 {[%cal Rf4f6] [#]} Rh6 $1 36. c4 Rg6+ 37. Rg4 Bxa4 38. Bc3 Bc6 39. Bxa5 Ra8 40. Bc3 (40. Rxg6+ $17 {was called for.} Kxg6 41. Ra2) 40... Ra3 $19 41. Rc2 Be4 42. Rxg6+ Kxg6 {[%mdl 4096] Endgame KRB-KRB} 43. Rc1 Ra2 44. Rg1 e5 45. Re1 (45. Kh3 $142) 45... Rxg2+ 46. Kh3 Bc6 47. Bxe5 $2 (47. Rc1) 47... fxe5 48. Rxe5 Rg5 49. Re6+ Kf5 50. Re3 {[#]} Kf4 $1 {[%cal Rg5h5][%mdl 64] Discovered Attack} 51. Rc3 {Accuracy: White = 59%, Black = 81%.} 0-1

[Event "Int SVK-ch Open 2020"]
[Site "Drienica"]
[Date "2020.08.15"]
[Round "8.2"]
[White "Bures, Jaroslav"]
[Black "Orsag, Milan"]
[Result "0-1"]
[WhiteElo "2386"]
[BlackElo "2300"]
[Annotator "TA"]
[PlyCount "120"]
[EventDate "2020.08.07"]
[EventType "swiss"]
[EventCountry "SVK"]

{[%evp 17,120,12,33,18,19,14,17,-18,-18,-32,-37,-16,-13,-82,-16,-17,-33,-96,-88,-100,-19,-32,-30,-72,-65,-84,-84,-81,-77,-72,-72,-112,-46,-102,-109,-102,-102,-299,-148,-275,0,-252,-200,-276,-198,-313,-305,-298,-298,-306,-307,-295,-289,-357,-364,-364,-344,-357,-379,-392,-404,-392,-406,-437,-431,-450,-449,-449,-443,-455,-449,-608,-457,-624,-597,-1725,-2841,-2796,-2735,-7212,-6323,-6109,-5918,-29958,-29961,-29966,-29967,-29966,-29967,-29969,-29968,-5210,-5206,-29979,-29980,-29980,-29981,-29985,-29986,-29986,-29987,-29987,-29988,-29990,-29988]} 1. e4 c5 2. Nf3 e6 3. d4 cxd4 4. Nxd4 Nc6 5. Nc3 a6 6. Nxc6 bxc6 7. Bd3 d5 8. Qe2 Nf6 9. O-O Be7 10. Rd1 {B46: Sicilian: Taimanov: 5 Nc3 a6.} Qc7 11. Na4 {[#]} Bb7 $146 ({Predecessor:} 11... O-O 12. e5 Nd7 13. Bf4 c5 14. c4 d4 15. Be4 Bb7 16. Rd3 Bxe4 17. Qxe4 Rab8 {1-0 (40) Zvara,P (2404)-Firman,N (2499) Olomouc 2006}) 12. c4 {The position is equal.} dxe4 13. Bxe4 Nxe4 14. Qxe4 c5 15. Qg4 (15. Qc2 $11) 15... O-O {[#]} (15... Qc6 $17 16. b3 (16. Qxg7 $2 Bf6 $19) 16... h5) 16. Bh6 $1 $11 {[%csl Gh6][%cal Rg4g7][%mdl 512]} Bf6 17. Rd3 ({Better is} 17. Be3 $15) 17... Rfd8 18. Rad1 Rd4 (18... Rxd3 $17 19. Rxd3 Bc6) 19. Rxd4 cxd4 ({But not} 19... Bxd4 $6 20. Nxc5 $1 {[%mdl 512]} (20. Rxd4 $2 f5 $17) 20... Bxb2 21. Nxb7 $16) 20. b3 Rd8 21. Bg5 Bxg5 22. Qxg5 e5 $1 23. f3 h6 $36 {[%mdl 2048] White is under strong pressure.} 24. Qf5 Bc8 ({Black should play} 24... Re8 $1 $17 25. c5 a5) 25. Qd3 (25. Qe4 $15) 25... Bd7 $17 26. Nb2 Qa5 $1 {[%cal Ra5a2]} 27. Kf2 $2 (27. Ra1 $17) 27... Rb8 (27... Qxa2 $19 {is more deadly.} 28. Rd2 f6) 28. Kg1 (28. Qb1 $17 {might work better.}) 28... Rd8 $2 ({Black should try} 28... Qxa2 $19 29. Qd2 Rxb3) 29. a4 $2 {[%mdl 8192]} (29. Kf2 $1 $11) 29... Rb8 30. Kf2 f6 31. Qc2 (31. c5 {was worth a try.}) 31... Qb6 $19 {Strongly threatening ...d3+.} 32. Nd3 Qxb3 33. Qxb3 Rxb3 {[%mdl 4096] Endgame KRB-KRN} 34. Nc5 Rb2+ 35. Ke1 Bc8 36. Rd2 Rb4 37. Rc2 a5 38. Ne4 Kf8 39. c5 Ke7 40. c6 f5 41. Nc5 Kd6 42. Kd2 Rb6 43. c7 Rc6 44. Nb3 Rxc7 45. Rxc7 Kxc7 46. Nxa5 {KB-KN} Be6 47. Kd3 Kb6 48. Nc4+ Bxc4+ $1 49. Kxc4 {KP-KP} f4 50. h4 Ka5 51. Kb3 g5 52. h5 Kb6 53. Kc4 Kc6 54. a5 e4 {[%mdl 64] Deflection} 55. fxe4 {[#]} g4 $1 {[%cal Rg4g3] Black mates.} 56. Kxd4 {[#]} g3 $1 57. Ke5 {[#]} f3 $1 {[%mdl 576] Promotion} 58. gxf3 g2 59. f4 g1=Q 60. Kf5 Qg7 {Accuracy: White = 39%, Black = 77%.} 0-1

[Event "Int SVK-ch Open 2020"]
[Site "Drienica"]
[Date "2020.08.14"]
[Round "8.2"]
[White "Durica, Daniel"]
[Black "Paluska, Karol"]
[Result "1/2-1/2"]
[WhiteElo "1937"]
[BlackElo "1873"]
[Annotator "ChessBase"]
[PlyCount "46"]
[EventDate "2020.08.07"]
[EventType "swiss"]
[EventCountry "SVK"]
[SourceTitle "playchess.com"]
[Source "ChessBase"]
[SourceQuality "1"]
[TimeControl "40/5400+30:1800+30"]

1. d4 {[%emt 0:00:00]} Nf6 {[%emt 0:00:00]} 2. c4 {[%emt 0:00:00]} e6 {[%emt 0:00:00]} 3. Nf3 {[%emt 0:00:28]} d5 {[%emt 0:00:00]} 4. cxd5 {[%emt 0:00:20]} exd5 {[%emt 0:00:00]} 5. Nc3 {[%emt 0:00:23]} c6 {[%emt 0:01:42]} 6. Bg5 {[%emt 0:00:15]} Bb4 {[%emt 0:00:12]} 7. Qc2 {[%emt 0:03:09]} Be6 {[%emt 0:10:11]} 8. e3 {[%emt 0:05:45]} Nbd7 {[%emt 0:00:05]} 9. Bd3 {[%emt 0:00:45]} h6 {[%emt 0:01:40]} 10. Bh4 {[%emt 0:02:14]} Qa5 {[%emt 0:00:38]} 11. O-O {[%emt 0:01:00]} Bd6 {[%emt 0:02:09]} 12. a3 {[%emt 0:04:54]} Qc7 {[%emt 0:00:26]} 13. Rac1 {[%emt 0:01:11]} a6 {[%emt 0:09:46]} 14. b4 {[%emt 0:04:42]} Bg4 {[%emt 0:01:13]} 15. Bg3 {[%emt 0:02:56]} Bxf3 {[%emt 0:01:34]} 16. gxf3 {[%emt 0:00:59]} Bxg3 {[%emt 0:28:17]} 17. fxg3 {[%emt 0:02:05]} O-O {[%emt 0:00:37]} 18. Qf2 {[%emt 0:06:27]} Rae8 {[%emt 0:08:10]} 19. g4 {[%emt 0:03:46]} Nb6 {[%emt 0:01:19]} 20. h4 Rxe3 {[%emt 0:03:56]} 21. Qxe3 {[%emt 0:19:39]} Qg3+ {[%emt 0:00:05]} 22. Kh1 {[%emt 0:00:27]} Qh3+ {[%emt 0:06:23]} 23. Kg1 {[%emt 0:02:09]} Qg3+ {[%emt 0:00:16]} 1/2-1/2

[Event "Int SVK-ch Open 2020"]
[Site "Drienica"]
[Date "2020.08.15"]
[Round "8.3"]
[White "Bochnicka, Vladimir"]
[Black "Manik, Mikulas"]
[Result "0-1"]
[WhiteElo "2123"]
[BlackElo "2366"]
[Annotator "TA"]
[PlyCount "128"]
[EventDate "2020.08.07"]
[EventType "swiss"]
[EventCountry "SVK"]

{[%evp 13,128,29,54,47,58,41,76,76,84,92,82,61,60,54,57,59,79,78,90,33,33,33,39,33,33,19,74,72,66,59,63,17,20,27,51,-29,-29,-29,-30,-95,-100,-63,-61,-75,80,45,108,108,108,108,119,119,119,119,148,148,148,148,135,132,161,161,170,170,161,161,161,137,137,0,172,172,157,157,164,150,150,-1059,-1085,-1071,102,-1080,-1049,-1081,-1075,-1075,-1010,-1060,-1022,-1005,-998,-1315,-1311,-1293,-1208,-1025,-1276,-1257,-1253,-1646,-1620,-1802,-1738,-7112,-6375,-2132,-2878,-5077,-5061,-3706,-3031,-2379,-2250,-6211,-1845,-2510,-2069]} 1. d4 Nf6 2. c4 g6 3. Nc3 Bg7 4. e4 d6 5. h3 O-O 6. Be3 e5 7. d5 a5 8. g4 {E71: King's Indian: 4 e4 d6 5 h3.} Na6 9. Qd2 h5 10. f3 {White is better.} Nh7 11. O-O-O h4 {[#]} 12. Nge2 $146 ({Predecessor:} 12. f4 exf4 13. Bxf4 Nc5 14. Bd3 a4 15. Bc2 Re8 16. Nge2 Bd7 17. Rhf1 {1-0 (32) Soppe,G (2455)-Schweber,S (2325) Buenos Aires 1995}) 12... g5 13. Nb5 b6 14. Nec3 f6 15. b3 Rf7 16. a3 (16. Kb1 $16) 16... Bd7 $14 17. Be2 Nf8 18. Kc2 Ng6 19. Ra1 Nf4 (19... Nc5 $11) 20. Bxf4 $16 exf4 21. Nd4 Qe7 22. Bd3 Qe5 23. Nce2 Nc5 {Threatening ...f5!} 24. Rhb1 ({Better is} 24. a4 $14) 24... a4 $11 {Strongly threatening ...axb3+.} 25. b4 Nb3 $1 {[%cal Rb3d2][%mdl 64] Decoy} 26. Nxb3 (26. Rxb3 $11 {remains equal.} axb3+ 27. Kxb3) 26... axb3+ $17 27. Kxb3 Ba4+ 28. Ka2 Ra7 $2 (28... c5 $17 {stays on course. Hoping for ...f5!} 29. dxc6 f5 30. gxf5 Bxc6) 29. Bc2 Bd7 (29... f5 $1 $14) 30. b5 $1 $16 Rf8 {[#]} 31. Kb3 $1 Rfa8 32. a4 Kh8 33. Nd4 f5 34. Nxf5 Bf6 35. Ra2 Ra5 36. Kb4 R8a7 37. Rd1 Qe8 38. Nd4 Ra8 39. Qd3 {Black must now prevent e5!} Qe5 40. Nf5 Rf8 41. Nd4 Rfa8 42. Nb3 R5a7 43. Qd2 Kg8 44. Nc1 Ra5 45. Ra3 $2 (45. Qd3 $16) 45... Qb2+ $19 46. Bb3 {[#]} Bc3+ $1 {[%mdl 512]} 47. Qxc3 {[#]} Rxa4+ $1 {[%mdl 576] Deflection. Black is clearly winning.} 48. Rxa4 Rxa4+ 49. Kxa4 Qxc3 {[%csl Gb6][%cal Rc3a5]} 50. Ka3 Qxf3 {[%mdl 64] Double Attack} 51. e5 Qxh3 52. exd6 cxd6 53. Nd3 Qxg4 54. c5 bxc5 55. b6 Bc8 56. Nxc5 f3 (56... dxc5 57. d6+ c4 58. b7 $11) 57. b7 Bxb7 $1 {[%mdl 64] Promotion} 58. Nxb7 f2 59. Rc1 Qg1 60. Rc8+ Kg7 61. Rc7+ Kh6 62. Bc2 Qc1+ 63. Ka2 Qxc2+ (63... g4 $142 64. Nd8 f1=Q 65. Rh7+ Kg5 66. Rg7+ Kf4 67. Rf7+ Kg3 68. Rxf1 Qxc2+ 69. Ka3 {[#]} Qd3+ $1 {[%mdl 512]} 70. Kb4 Qxf1) 64. Rxc2 f1=Q {Quite a comeback for Black. Accuracy: White = 73%, Black = 81%.} 0-1

[Event "Int SVK-ch Open 2020"]
[Site "Drienica"]
[Date "2020.08.14"]
[Round "8.3"]
[White "Mandak, Miroslav"]
[Black "Janik, Marek Tobias"]
[Result "1-0"]
[WhiteElo "1927"]
[BlackElo "1549"]
[Annotator "TA"]
[PlyCount "111"]
[EventDate "2020.08.07"]
[EventType "swiss"]
[EventCountry "SVK"]
[SourceTitle "playchess.com"]
[Source "ChessBase"]
[SourceQuality "1"]

{[%evp 9,111,0,24,26,47,23,41,42,51,58,61,42,64,28,18,13,26,12,52,0,38,6,25,36,62,51,73,71,70,40,66,15,9,14,67,16,116,109,109,104,127,125,135,54,55,66,62,45,53,14,16,23,87,94,115,26,160,156,146,125,126,128,125,127,132,126,129,131,116,119,119,131,151,157,212,194,217,0,202,190,255,271,254,227,391,381,453,420,464,461,783,758,831,821,3502,3038,1302,1150,1568,1524,1490,1437,29990,29991]} 1. d4 d5 2. Nf3 Nf6 3. Bf4 e6 4. e3 Bd6 5. Bg3 Nc6 6. c4 {D02: 1 d4 d5 2 Nf3 sidelines, including 2...Nf6 3 g3 and 2...Nf6 3 Bf4.} Ne4 7. Nc3 {[#]} Bxg3 $146 ({Predecessor:} 7... Nxg3 8. hxg3 dxc4 9. Bxc4 Qe7 10. Qc2 h6 11. O-O-O Bd7 12. e4 O-O-O 13. e5 Bb4 {0-1 (30) Crouch,C (2374)-Adams,D (2217) England 2011}) 8. hxg3 {White is slightly better.} Nxc3 9. bxc3 O-O 10. Qc2 {[%csl Gh1][%cal Rc2h7]} h6 11. cxd5 exd5 12. Bd3 Re8 13. Bb5 a6 14. Bd3 (14. Bxc6 $14 bxc6 15. c4) 14... Bg4 15. Rb1 b6 16. O-O Qf6 17. Nd2 Rad8 18. Bxa6 h5 19. Rbe1 h4 20. gxh4 (20. e4 $14) 20... Qxh4 $11 21. f3 Bh3 (21... Bd7 $11) 22. Re2 (22. gxh3 Qg3+ 23. Kh1 Qxh3+ 24. Kg1 Qg3+ 25. Kh1 Rd6 26. Qh7+ Kxh7 27. Bd3+ Kh8 28. Bf5 Rh6+ 29. Bh3 Rxh3#) (22. Rf2 $14 Bd7 23. Nf1) 22... Qg3 (22... Bd7 $11) 23. Rff2 $16 {And now Nf1 would win.} Bd7 24. Nf1 Qg5 25. Bd3 Re6 26. Bf5 (26. f4 $16 Qh5 27. g3) 26... Rh6 $14 27. Bxd7 Rxd7 28. g4 Ne7 29. e4 Rd8 (29... Qh4 $6 30. Rh2 $16) 30. Rh2 Ng6 (30... dxe4 $11 {keeps the balance.} 31. Rxh6 (31. Qxe4 Nd5 $14) (31. Rxe4 Nd5 $14) 31... Qxh6) 31. Rxh6 $16 gxh6 32. Rh2 ({White should try} 32. Ng3 $1 $16) 32... Nh4 (32... Qf4 $11) 33. Qf2 Ng6 34. Rh5 Qc1 {[#]} 35. Qe3 $1 {[%cal Re3c1]} (35. Rxd5 $6 Rxd5 36. exd5 Qxc3 $11) ({But not} 35. exd5 Nf4 $14) 35... Qxe3+ 36. Nxe3 dxe4 37. fxe4 {[%mdl 4096] Endgame KRN-KRN} Ra8 38. Rh2 Ra3 {[#]} 39. Rc2 $1 ({Much worse is} 39. Rxh6 $6 Rxc3 40. Nf5 Rc2 $11) 39... Nf4 40. Kf2 Ne6 41. Ke2 Ng5 (41... Nf4+ $16 42. Kf2 Nd3+ 43. Kf1 Nf4 44. Kf2) 42. Kd3 $18 Nf3 {aiming for ...Ne1+.} 43. Ke2 Ng5 44. e5 Ne4 (44... f6 {was worth a try.} 45. exf6 Ne4) 45. Kd3 Ng5 46. Nf5 Kh7 $2 (46... f6 47. Nxh6+ Kg7) 47. Rh2 Nf3 48. Rxh6+ Kg8 49. Rc6 Rxa2 (49... Ra7 $142 50. Ne7+ Kg7) 50. Rxc7 b5 51. Nh6+ Kh8 52. Nxf7+ Kg8 53. Rb7 Rb2 54. Nd6 Ne1+ 55. Ke4 Nc2 56. e6 {Accuracy: White = 76%, Black = 49%.} 1-0

[Event "Int SVK-ch Open 2020"]
[Site "Drienica"]
[Date "2020.08.15"]
[Round "8.4"]
[White "Istona, Martin"]
[Black "Panko, Radoslav"]
[Result "1-0"]
[WhiteElo "2267"]
[BlackElo "2025"]
[Annotator "ChessBase"]
[PlyCount "74"]
[EventDate "2020.08.07"]
[EventType "swiss"]
[EventCountry "SVK"]
[TimeControl "40/5400+30:1800+30"]

1. e4 {[%emt 0:00:00]} e6 {[%emt 0:00:00]} 2. d4 {[%emt 0:00:00]} d5 {[%emt 0:00:00]} 3. e5 {[%emt 0:00:00]} c5 {[%emt 0:00:00]} 4. c3 {[%emt 0:00:04]} Nc6 {[%emt 0:00:00]} 5. Nf3 {[%emt 0:00:07]} Bd7 {[%emt 0:00:00]} 6. Be2 {[%emt 0:00:25]} f6 {[%emt 0:00:47]} 7. O-O {[%emt 0:00:32]} fxe5 {[%emt 0:02:43]} 8. Nxe5 {[%emt 0:01:17]} Nxe5 {[%emt 0:00:06]} 9. dxe5 {[%emt 0:00:06]} Qc7 {[%emt 0:00:20]} 10. c4 {[%emt 0:00:12]} O-O-O {[%emt 0:01:25]} 11. Bf4 {[%emt 0:06:36]} Ne7 {[%emt 0:13:09]} 12. Nc3 {[%emt 0:05:27]} g5 {[%emt 0:06:36]} 13. Bg3 {[%emt 0:08:23]} Nf5 {[%emt 0:07:10]} 14. cxd5 {[%emt 0:36:13]} Nxg3 {[%emt 0:00:47]} 15. fxg3 {[%emt 0:00:15]} Qxe5 {[%emt 0:00:20]} 16. Bf3 {[%emt 0:04:19]} Bg7 {[%emt 0:10:42]} 17. Qb3 {[%emt 0:03:14]} Qd4+ {[%emt 0:06:45]} 18. Kh1 {[%emt 0:00:56]} c4 {[%emt 0:01:03]} 19. Qc2 {[%emt 0:00:53]} Qc5 {[%emt 0:20:04]} 20. Ne4 {[%emt 0:02:24]} Qxd5 {[%emt 0:04:31]} 21. Rad1 {[%emt 0:04:29]} Bd4 {[%emt 0:01:12]} 22. Nd2 {[%emt 0:06:25]} Qc5 {[%emt 0:01:34]} 23. b4 {[%emt 0:01:01]} cxb3 {[%emt 0:04:02]} 24. Qxb3 {[%emt 0:01:16]} Qb5 {[%emt 0:02:38]} 25. Qc2+ {[%emt 0:04:22]} Bc6 {[%emt 0:04:42]} 26. Rc1 {[%emt 0:04:13]} Be3 {[%emt 0:07:27]} 27. Bxc6 {[%emt 0:00:17]} bxc6 {[%emt 0:00:11]} 28. Qe4 {[%emt 0:01:00]} Bxd2 {[%emt 0:01:01]} 29. Rxc6+ {[%emt 0:03:33]} Kb8 {[%emt 0:00:39]} 30. Rb1 {[%emt 0:00:30]} Bb4 {[%emt 0:00:14]} 31. h3 {[%emt 0:02:01]} a5 {[%emt 0:01:22]} 32. a3 {[%emt 0:00:25]} Qd5 {[%emt 0:02:28]} 33. Rxb4+ {[%emt 0:01:13]} axb4 {[%emt 0:00:37]} 34. Qxb4+ {[%emt 0:00:07]} Ka7 {[%emt 0:00:15]} 35. Qb6+ {[%emt 0:00:19]} Ka8 {[%emt 0:00:08]} 36. Rc7 {[%emt 0:00:25]} Qd1+ {[%emt 0:02:31]} 37. Kh2 {[%emt 0:00:08]} Qa4 {[%emt 0:00:28]} 1-0

[Event "Int SVK-ch Open 2020"]
[Site "Drienica"]
[Date "2020.08.14"]
[Round "8.4"]
[White "Furman, Slavomir"]
[Black "Bakalar, Jan"]
[Result "0-1"]
[WhiteElo "1754"]
[BlackElo "1896"]
[Annotator "NA RC"]
[PlyCount "94"]
[EventDate "2020.08.07"]
[EventType "swiss"]
[EventCountry "SVK"]
[SourceTitle "playchess.com"]
[Source "ChessBase"]
[SourceQuality "1"]
[TimeControl "40/5400+30:1800+30"]

{[%evp 8,92,7,13,25,-15,12,0,32767,32767,32767,32767,32767,32767,32767,32767,32767,32767,32767,140,168,32767,111,66,83,32767,32767,32767,112,32767,32767,83,32767,106,161,134,133,121,162,144,32767,56,65,32767,32767,32767,89,51,182,32767,32767,14,31,11,22,14,18,5,44,-150,-140,-227,-158,-260,-193,-257,-261,-277,-229,-337,-383,-349,-375,-461,-467,-496,-187,-196,-170,-290,0,-227,0,-378,-209,-510,-474]} 1. d4 {[%emt 0:00:00]} Nf6 {[%emt 0:00:00]} 2. Nf3 {[%emt 0:00:47]} g6 {[%emt 0:01:44]} 3. Bf4 {[%emt 0:01:16]} Bg7 {[%emt 0:00:49]} 4. e3 {[%emt 0:00:28]} O-O {[%emt 0:00:33]} 5. Be2 {[%emt 0:00:13]} d6 {[%emt 0:01:20]} 6. O-O {[%emt 0:00:56]} c6 {[%emt 0:04:12] 6...c5 is setting a new trend. A48: 1 d4 Nf6 2 Nf3 g6: Torre, London and Colle Systems.} 7. c4 {[%emt 0:04:08]} h6 {[%emt 0:02:11]} 8. h3 {[%emt 0:01:10] [#]} Re8 $146 {[%emt 0:03:41]} ({Predecessor:} 8... Qb6 9. Qb3 c5 10. Nc3 cxd4 11. exd4 Bf5 12. Be3 Qc7 13. Rac1 b6 14. Nh4 Bc8 {1-0 (34) Jaskunaite,A (1323)-Mickunaite,A (1105) Vilnius 2019}) 9. Nc3 {[%emt 0:00:18]} a6 {[%emt 0:01:53]} 10. Qc2 {[%emt 0:06:41]} Nbd7 {[%emt 0:03:59]} 11. Rfd1 {[%emt 0:01:16]} Nf8 {[%emt 0:01:49]} 12. Rac1 {[%emt 0:01:10]} e6 {[%emt 0:07:00]} 13. e4 {[%emt 0:06:50]} d5 {[%emt 0:06:15]} 14. Be5 {[%emt 0:17:23]} N8d7 {[%emt 0:07:56]} 15. Bxf6 {[%emt 0:04:59]} Nxf6 {[%emt 0:00:31]} 16. e5 {[%emt 0:00:13]} Nh7 {[%emt 0:02:26]} 17. c5 {[%emt 0:02:35]} Nf8 {[%emt 0:04:12]} 18. Rd3 {[%emt 0:08:06]} Qe7 {[%emt 0:02:46]} 19. Qd2 {[%emt 0:02:45]} g5 {[%emt 0:02:37]} 20. Nh2 {[%emt 0:01:26]} Nh7 {[%emt 0:06:31]} (20... f6 $16) 21. Bh5 {[%emt 0:10:33]} Rf8 {[%emt 0:00:19]} 22. Re1 {[%emt 0:09:27]} Bd7 {[%emt 0:01:05]} 23. Bd1 {[%emt 0:08:11]} f5 {[%emt 0:04:52]} 24. Na4 {[%emt 0:05:18]} ({White should play} 24. exf6 $16 Nxf6 25. Rde3) 24... Be8 {[%emt 0:00:39]} 25. Rb3 {[%emt 0:00:48]} Bg6 {[%emt 0:01:15]} 26. Be2 {[%emt 0:00:34]} Qc7 {[%emt 0:04:21]} 27. Qb4 {[%emt 0:01:46]} Rfe8 {[%emt 0:01:38]} (27... Rab8 $14) 28. Qb6 {[%emt 0:02:36]} Qxb6 {[%emt 0:00:16]} 29. Rxb6 {[%emt 0:00:40]} Re7 {[%emt 0:02:19]} 30. Bd3 {[%emt 0:00:07]} Nf8 {[%emt 0:00:36]} 31. Rc1 {[%emt 0:01:51]} Rc7 {[%emt 0:00:16]} 32. Rc3 {[%emt 0:00:26]} Re8 {[%emt 0:06:54]} 33. b4 $2 {[%emt 0:01:34]} (33. Rcb3 $11 Ree7 34. Nc3) 33... Nd7 {[%emt 0:00:45]} 34. g4 {[%emt 0:01:21]} (34. Bxa6 $17 bxa6 35. Rxa6) 34... Nxb6 {[%emt 0:00:51]} 35. Nxb6 {[%emt 0:00:02]} (35. cxb6 $17 Rf7 36. gxf5 Bxf5 37. Bxf5 exf5 38. Nc5) 35... Kh7 {[%emt 0:00:56]} 36. f3 {[%emt 0:00:13]} Rf8 {[%emt 0:00:50]} 37. Kg2 {[%emt 0:00:18]} fxg4 {[%emt 0:01:15]} 38. fxg4 {[%emt 0:00:09]} (38. hxg4 $142 Rcf7 39. Bxg6+ Kxg6 40. Rd3) 38... Rcf7 {[%emt 0:00:53]} 39. Bxg6+ {[%emt 0:00:10]} Kxg6 {[%emt 0:00:04]} 40. Rc2 {[%emt 0:00:14]} Rf4 {[%emt 0:01:46]} 41. Rd2 {[%emt 0:30:08]} R8f7 $2 {[%emt 0:37:53]} (41... Re4 42. Na4 Rff4) 42. Nc8 {[%emt 0:00:47]} Bf8 {[%emt 0:00:37]} 43. Nb6 {[%emt 0:00:53]} Bg7 {[%emt 0:07:16]} 44. Nc8 $1 {[%emt 0:00:46] [#]} Bf8 $11 {[%emt 0:00:00]} (44... b5 $1 $19 45. cxb6 Rb7) 45. Nb6 $1 {[%emt 0:00:00]} h5 {[%emt 0:00:00]} (45... Re4 $142 46. Nc8 Rff4) 46. Kg3 $2 {[%emt 0:00:00]} (46. Nc8) 46... Bg7 {[%emt 0:00:00]} 47. Nc8 {[%emt 0:00:00]} Rxd4 {[%emt 0:00:00]} 0-1